[Event "45th FIDE Chess Olympiad Open"]
[Site "Budapest, Hungary"]
[Date "2024.09.12"]
[Round "2"]
[White "Annaberdiyev, Meylis"]
[Black "Pultinevicius, Paulius"]
[Result "0-1"]
[WhiteElo "2431"]
[BlackElo "2587"]
[PlyCount "132"]
[EventDate "2024.??.??"]
[WhiteTeam "Turkmenistan"]
[BlackTeam "Lithuania"]
[WhiteTeamCountry "TKM"]
[BlackTeamCountry "LTU"]
[WhiteClock "0:01:10"]
[BlackClock "0:03:19"]

1. e4 c5 2. Nf3 Nc6 3. Nc3 e6 4. d4 cxd4 5. Nxd4 d6 6. Be3 Nf6 7. Be2 Be7 8. O-O O-O 9. f4 a6 10. Qe1 Bd7 11. Qg3 Qc7 12. Kh1 b5 13. a3 Rab8 14. e5 Ne8 15. Bd3 ({RR} 15. Ne4 dxe5 16. fxe5 Nxe5 17. Bf4 f6 18. Nf3 Nd6 19. Nxf6+ Bxf6 20. Bxe5 Bxe5 21. Qxe5 Rf5 22. Qg3 Bc6 23. Nd4 Rxf1+ 24. Rxf1 Bd5 25. Bg4 Re8 26. Qe5 Qc4 27. Be2 Qc5 28. Qe3 e5 29. Nf5 Qc6 {0-1 Kobalia,M (2542)-Vokhidov,S (2596) Titled Tue 9th Jan Early 2024 (10)}) 15... f5 ({RR} 15... g6 16. f5 Nxe5 17. Bh6 Nf6 18. Bxf8 Rxf8 19. fxe6 fxe6 20. Rae1 Nxd3 21. cxd3 e5 22. Nf5 Bd8 23. Ne3 Qc5 24. Ne4 Qd4 25. Nxf6+ Bxf6 26. Qf3 Be6 27. Qc6 Qxd3 28. Qxa6 e4 29. h3 Rf7 30. Qa8+ {1-0 Sindarov,J (2681)-Vokhidov,S (2589) Zakovat Gambit Final 2023 (14.1)}) 16. exf6 Nxf6 17. Nxc6 $146 ({RR} 17. Rae1 b4 18. Ne4 Nxe4 19. Bxe4 Bf6 20. Bxc6 Bxc6 21. Nxe6 Qb7 22. Nxf8 Rxf8 23. axb4 Qxb4 24. Bc1 Qc5 25. c3 Qf5 26. Rd1 Rd8 27. Be3 h5 28. Kg1 h4 29. Qh3 Qg6 30. f5 Qf7 31. Bd4 Be4 {1-0 Pasiev,R (2393)-Davydov,S (2228) Chigorin Memorial 22nd 2014 (6)}) ({RR} 17. Rae1 b4 18. Nce2 bxa3 19. bxa3 Qc8 20. Bd2 Nd8 21. Ng1 Nh5 22. Qh3 g6 23. f5 e5 24. Qf3 Nc6 25. Nxc6 Bxc6 26. Qe2 Nf6 27. fxg6 e4 28. gxh7+ Kxh7 29. Bxa6 Qe8 30. Nh3 Qg6 31. Nf4 Qg4 {1-0 Kargin,A (2420)-Kotronias,V (2487) Djenovici TS10 GM 2018 (4)}) 17... Qxc6 18. Bd4 Rf7 19. Rae1 Rbf8 20. Bxf6 Bxf6 21. Ne4 Be7 22. Ng5 Bxg5 23. Qxg5 Qb6 24. c3 Rf6 25. Rf3 h6 26. Qg3 Bc6 27. Rff1 Qb7 28. Kg1 Qf7 29. Qe3 Bd5 30. g3 Qc7 31. Be4 Bb3 32. Bb1 a5 33. Qd3 Qc5+ 34. Rf2 g6 35. Qe3 Qxe3 36. Rxe3 g5 37. Bd3 Bc4 38. Bxc4 bxc4 39. Rfe2 Kf7 40. fxg5 hxg5 41. Re4 d5 42. Rg4 Rf5 43. h4 Rg8 44. Kg2 a4 45. Re1 Kf6 46. hxg5+ Rfxg5 47. Rf1+ Ke7 48. Rxg5 Rxg5 49. Rh1 Rg8 50. Rh7+ Kd6 51. Rb7 e5 52. Rb4 Ra8 53. Kf3 Kc5 54. Ke3 d4+ 55. cxd4+ exd4+ 56. Kd2 Kd5 57. g4 Rh8 58. Rxa4 Ke4 59. Rxc4 Rh2+ 60. Kc1 Ke3 61. b4 d3 62. Rc3 Ke2 63. Kb2 d2 64. Rc2 Kd3 65. Rxd2+ Rxd2+ 66. Kb3 Kd4 0-1

[Event "45th FIDE Chess Olympiad Open"]
[Site "Budapest, Hungary"]
[Date "2024.09.12"]
[Round "2"]
[White "Laurusas, Tomas"]
[Black "Hommadov, Amanmuhammet"]
[Result "1-0"]
[WhiteElo "2569"]
[BlackElo "2181"]
[PlyCount "93"]
[EventDate "2024.??.??"]
[WhiteTeam "Lithuania"]
[BlackTeam "Turkmenistan"]
[WhiteTeamCountry "LTU"]
[BlackTeamCountry "TKM"]
[WhiteClock "0:01:42"]
[BlackClock "0:00:31"]

1. d4 Nf6 2. c4 g6 3. Nc3 Bg7 4. e4 O-O 5. Nf3 d6 6. Bd3 Bg4 7. Be2 Bxf3 ({RR} 7... e5 8. d5 a5 9. Be3 Na6 10. Nd2 Bxe2 11. Qxe2 Nd7 12. g4 Ndc5 13. O-O-O Qd7 14. h4 Na4 15. Ndb1 h6 16. Nxa4 Qxa4 17. Nc3 Qd7 18. h5 g5 19. Kd2 c5 20. Ke1 Rfb8 21. Kf1 a4 22. Rb1 {½-½ Carlsen,M (2859)-Nakamura,H (2768) chess.com SpeedChess 2022 (4.12)}) 8. Bxf3 Nfd7 9. Be3 Nb6 $146 ({RR} 9... Nc6 10. O-O e5 11. d5 Ne7 12. Qd2 f5 13. Bh6 f4 14. Bxg7 Kxg7 15. b4 Nf6 16. Be2 h5 17. c5 Rh8 18. a4 g5 19. a5 g4 20. a6 b6 21. cxd6 cxd6 22. Nb5 Qd7 23. Rac1 Rac8 24. Qd3 {½-½ Mueller,R-Dueck,S (2112) Sachsen-ch U14 2002 (4)}) ({RR} 9... Nc6 10. d5 Na5 11. Be2 Nb6 12. Bd4 Bxd4 13. Qxd4 c5 14. dxc6 e5 15. Qe3 bxc6 16. c5 dxc5 17. Qxc5 Nd7 18. Qa3 Nb7 19. Rd1 Qe8 20. Na4 Nb6 21. Nc5 Nxc5 22. Qxc5 Qe6 23. b3 Rfd8 24. O-O {½-½ Krstulovic,A (2414)-Baidetskyi,V (2497) Mitropa Cup 2024 (6.1)}) ({RR} 9... Nc6 10. d5 Na5 11. Be2 Ne5 12. Qa4 c6 13. O-O Rc8 14. Rac1 Naxc4 15. Bxc4 b5 16. Bxb5 cxb5 17. Nxb5 Qd7 18. Qa6 Rxc1 19. Rxc1 Qg4 20. Nxa7 f5 21. Nc6 Nf3+ 22. Kh1 Nh4 23. Qf1 fxe4 24. h3 {1-0 Kazakouski,V (2577)-Kobo,O (2556) 24th European Teams 2023 (7.9)}) ({RR} 9... Nc6 10. d5 Na5 11. Be2 Nb6 12. Bd4 Bxd4 13. Qxd4 c5 14. dxc6 e5 15. Qd2 bxc6 16. b3 Nb7 17. h4 Qe7 18. h5 Nc5 19. Rd1 Rad8 20. b4 Ne6 21. b5 cxb5 22. cxb5 Nd4 23. a4 d5 24. hxg6 {½-½ Pham Tran Gia Phuc (2384)-Chandra,A (2486) Qatar Masters Open 2023 (3.57)}) 10. Be2 Nc6 11. O-O Na5 12. b3 c5 13. Rc1 cxd4 14. Bxd4 Bh6 15. f4 e5 16. Be3 Bxf4 17. Bxf4 exf4 18. Rxf4 Nc6 19. Qd2 Qe7 20. Kh1 Rad8 21. Rcf1 f6 22. Bd3 Kg7 23. Rh4 Rd7 24. Bb1 Qe5 25. Nd5 Kg8 26. Rhf4 Rdf7 27. Qf2 Kg7 28. Rf3 Nc8 29. Rh3 Kh8 30. Rd1 Re8 31. Rf3 Kg7 32. b4 N8e7 33. a3 a5 34. Nc7 Rd8 35. b5 Rc8 36. Qb6 Nd4 37. Qxd4 Rxc7 38. Qb6 Nc8 39. Qxa5 Rfe7 40. Bd3 Qd4 41. h3 Qc5 42. Qc3 Re6 43. Bf1 Nb6 44. Rd4 Nd7 45. Rd5 Qa7 46. Qb4 Ne5 47. b6 1-0

[Event "45th FIDE Chess Olympiad Open"]
[Site "Budapest, Hungary"]
[Date "2024.09.12"]
[Round "2"]
[White "Shirliyev, Allayar"]
[Black "Pidluznij, Gleb"]
[Result "0-1"]
[WhiteElo "2200"]
[BlackElo "2425"]
[PlyCount "104"]
[EventDate "2024.??.??"]
[WhiteTeam "Turkmenistan"]
[BlackTeam "Lithuania"]
[WhiteTeamCountry "TKM"]
[BlackTeamCountry "LTU"]
[WhiteClock "0:27:32"]
[BlackClock "0:32:16"]

1. e4 e5 2. Nf3 Nc6 3. Bc4 Nf6 4. Ng5 d5 5. exd5 Na5 6. Bb5+ c6 7. dxc6 bxc6 8. Qf3 Be7 9. Bd3 O-O 10. Nc3 h6 11. Nge4 Nxe4 ({RR} 11... Nd5 12. Ng3 Nb4 13. Nf5 Nxd3+ 14. Qxd3 Bc5 15. Qxd8 Rxd8 16. g4 h5 17. h3 g6 18. Ne4 gxf5 19. Nxc5 e4 20. gxf5 Bxf5 21. b3 Rd5 22. Ba3 Rb8 23. Rg1+ Kh7 24. c4 Rdd8 25. Rg5 Bg6 26. Na6 {1-0 Fedoseev,V (2687)-Predke,A (2690) RUS-USA Collegiate rapid 2021 (4.1)}) ({RR} 11... Nd5 12. Ng3 Nf4 13. Bf5 Ba6 14. d3 g6 15. Be4 Qd6 16. Qd1 f5 17. Bf3 g5 18. h3 g4 19. hxg4 fxg4 20. Be4 Bg5 21. Qxg4 Bc8 22. Qd1 Qd4 23. O-O Be6 24. Be3 Qd7 25. Bf3 Nb7 26. Nce4 {1-0 Pranesh,M (2538)-Ladan,N (2197) Titled Tue 6th Feb Early 2024 (1)}) 12. Qxe4 f5 13. Qe2 $146 ({RR} 13. Qxe5 Re8 14. O-O Bd6 15. Qd4 Bxh2+ 16. Kxh2 Qxd4 17. Ne2 Qh4+ 18. Kg1 f4 19. b4 f3 20. gxf3 Nb7 21. Ng3 Bh3 22. Rd1 Qf6 23. Rb1 Qxf3 24. Bf1 Qxd1 25. c3 Re1 26. Kh2 Bxf1 27. a3 Qf3 {0-1 Heutling,S (1147)-Wartenberg,A (1291) GER-ch U10 Girls 2019 (3)}) ({RR} 13. Qxe5 Bd6 14. Qd4 Rb8 15. Bc4+ Kh8 16. b3 Rb7 17. Bb2 c5 18. Qd3 Nxc4 19. Qxc4 Rb4 20. Qf1 Re8+ 21. Kd1 Bf4 22. d3 Ba6 23. h4 Rd4 24. Rh3 c4 25. bxc4 Bxc4 26. a4 Qa5 27. Rf3 Rb8 {0-1 Borisovsky,D (2297)-Duzhakov,I (2441) Riga Tech op 8th 2018 (5)}) ({RR} 13. Qxe5 Bd6 14. Qd4 Re8+ 15. Kf1 c5 16. Qd5+ Be6 17. Qf3 Qe7 18. Nd5 Qf7 19. c4 Be5 20. Rb1 Rad8 21. b4 cxb4 22. Rxb4 Nc6 23. Rb1 Nd4 24. Qd1 Bxd5 25. cxd5 Qxd5 26. Bxf5 Nxf5 {0-1 Baches Garcia,G (2326)-Boruchovsky,A (2548) Titled Tue 25th Oct Late 2022 (1)}) 13... Bd6 14. b3 c5 15. Bc4+ Nxc4 16. Qxc4+ Kh7 17. Bb2 Bb7 18. Rg1 e4 19. g3 Be5 20. O-O-O Bd4 21. Rgf1 Qf6 22. Qa4 Ba6 23. Rh1 Rfd8 24. h4 Qb6 25. Rh2 Rd6 26. Re1 Rad8 27. Qa3 c4 28. Na4 Bxb2+ 29. Qxb2 Qb4 30. c3 Qa5 31. f4 exf3 32. Qa3 Rg6 33. Qc5 Qxc5 34. Nxc5 cxb3 35. axb3 Be2 36. Rg1 h5 37. d4 f4 38. Ne4 Rg4 39. Rxe2 fxe2 40. Kd2 fxg3 41. Ng5+ Rxg5 42. hxg5 Re8 43. Ke1 h4 44. Rh1 Re4 45. Rg1 Kg6 46. d5 Kxg5 47. d6 Re6 48. d7 Rd6 49. Kxe2 Rxd7 50. Rc1 Kg4 51. Kf1 h3 52. c4 h2 0-1

[Event "45th FIDE Chess Olympiad Open"]
[Site "Budapest, Hungary"]
[Date "2024.09.12"]
[Round "2"]
[White "Zambrana, Osvaldo"]
[Black "Bjerre, Jonas Buhl"]
[Result "0-1"]
[WhiteElo "2405"]
[BlackElo "2648"]
[PlyCount "86"]
[EventDate "2024.??.??"]
[WhiteTeam "Bolivia"]
[BlackTeam "Denmark"]
[WhiteTeamCountry "BOL"]
[BlackTeamCountry "DEN"]
[WhiteClock "0:17:32"]
[BlackClock "0:26:50"]

1. e4 e5 2. Nf3 Nc6 3. Bc4 Bc5 4. O-O Nf6 5. d3 d6 6. c3 a6 7. a4 Ba7 8. Be3 Bxe3 9. fxe3 Ne7 10. Nbd2 Ng6 11. a5 O-O 12. Qe1 $146 ({RR} 12. Bb3 h6 13. Re1 Re8 14. Qc2 c6 15. Nc4 Be6 16. Nb6 Rb8 17. Bxe6 Rxe6 18. b4 Nd7 19. Nxd7 Qxd7 20. c4 d5 21. c5 Rd8 22. Rad1 Re7 23. Qe2 Qe6 24. exd5 Rxd5 25. Nd2 f5 26. Rf1 f4 {½-½ Kravtsiv,M (2677)-Sokolov,I (2603) EU-chT (Men) 21st 2017 (2.4)}) ({RR} 12. Rf2 Qe7 13. Nf1 c6 14. Ng3 d5 15. Bb3 Be6 16. Nf5 Qd7 17. Ng5 Bxf5 18. exf5 Ne7 19. e4 Rad8 20. Qe2 Qc7 21. h3 c5 22. g4 h6 23. Nf3 c4 24. dxc4 dxe4 25. Nd2 Qc5 26. Re1 Nc6 {1-0 Remizov,Y (2443)-Kezin,R (2483) TCh-RUS Premier 2024 (6.2)}) ({RR} 12. Ba2 h6 13. Rf2 Kh8 14. Nf1 Ng4 15. Rd2 f5 16. exf5 Bxf5 17. Qe1 Nf6 18. Nh4 Nxh4 19. Qxh4 Ng4 20. Qxd8 Raxd8 21. h3 Nf6 22. e4 Bg6 23. Ne3 Bf7 24. Bxf7 Rxf7 25. c4 Nh5 26. b4 Nf4 {½-½ Jobava,B (2710)-Aronian,L (2783) Olympiad-39 Khanty-Mansiysk 2010 (6.1)}) 12... c6 13. Ba2 d5 14. exd5 cxd5 15. e4 Be6 16. exd5 Bxd5 17. Bc4 Re8 18. Qd1 b5 19. Bxd5 Qxd5 20. Ne4 Nxe4 21. dxe4 Qxe4 22. Qb3 Ra7 23. Rae1 Qg4 24. Kh1 Rd7 25. Nd4 Nf4 26. Qc2 f6 27. Re3 Red8 28. Rg3 Qh5 29. h3 Qf7 30. Nf5 Qc4 31. Rf2 Nd3 32. Re2 g6 33. Rg4 Nf4 34. Rf2 Kh8 35. Nh6 Qe6 36. Rg3 f5 37. Kh2 Nd3 38. Rf1 e4 39. Qd2 f4 40. Rg5 Qe7 41. h4 Rf8 42. Qe2 Qg7 43. Ng4 h6 0-1

[Event "45th FIDE Chess Olympiad Open"]
[Site "Budapest, Hungary"]
[Date "2024.09.12"]
[Round "2"]
[White "Andersen, Mads"]
[Black "Gemy, Jose Daniel"]
[Result "1/2-1/2"]
[WhiteElo "2598"]
[BlackElo "2315"]
[PlyCount "187"]
[EventDate "2024.??.??"]
[WhiteTeam "Denmark"]
[BlackTeam "Bolivia"]
[WhiteTeamCountry "DEN"]
[BlackTeamCountry "BOL"]
[WhiteClock "0:05:58"]
[BlackClock "0:51:04"]

1. e4 e5 2. Nf3 Nc6 3. Bb5 Nf6 4. d3 Bc5 5. Bxc6 dxc6 6. Nbd2 Be6 7. O-O Qd6 8. b3 Nd7 9. Ng5 f6 10. Nxe6 Qxe6 11. Nc4 Nb6 $146 ({RR} 11... O-O 12. Be3 a5 13. a4 b6 14. Qe2 Rae8 15. Rae1 Bb4 16. Bd2 Bxd2 17. Qxd2 c5 18. g3 Nb8 19. Ne3 Nc6 20. f4 Qd7 21. Qg2 Kf7 22. g4 Ke7 23. fxe5 fxe5 24. Qh3 Kd8 25. Qxh7 Nd4 26. Rxf8 {½-½ Vallejo Pons,F (2707)-Georgiev,K (2653) Catalunya-chT 2014 (5.4)}) ({RR} 11... O-O 12. Kh1 Rf7 13. Bd2 Bd6 14. Na5 Rb8 15. b4 Nf8 16. a3 Qd7 17. Be3 b6 18. Nc4 Ne6 19. c3 c5 20. Qb3 Bf8 21. Rfd1 Rd8 22. b5 Qe8 23. Rd2 g6 24. a4 Rfd7 25. Rad1 Bg7 26. a5 {0-1 Gabrielian,A (2589)-Khairullin,I (2632) RUS Cup final 2012 (1.2)}) 12. Na5 O-O-O 13. Qe1 g5 14. b4 Be7 15. a4 h5 16. Be3 f5 17. exf5 Qxf5 18. Bxb6 cxb6 19. Nc4 Rhe8 20. f3 g4 21. Rb1 gxf3 22. Rxf3 Qg4 23. Kh1 Bh4 24. Qf1 Bg5 25. Re1 e4 26. h3 Qd7 27. Rf7 Qd5 28. Rf5 Qg8 29. Rxe4 Rxe4 30. dxe4 Be7 31. c3 h4 32. Rf7 Rd1 33. Qxd1 Qxf7 34. Nd6+ Bxd6 35. Qxd6 Qf1+ 36. Kh2 Qe1 37. Qf8+ Kd7 38. Qf7+ Kd8 39. Qf8+ Kd7 40. Qf7+ Kd8 41. Qf4 Kd7 42. c4 a5 43. b5 Ke6 44. e5 Kd7 45. Qf7+ Kd8 46. Qf8+ Kc7 47. Qd6+ Kc8 48. Qf8+ Kc7 49. Qd6+ Kc8 50. e6 c5 51. Qf8+ Kc7 52. Qf4+ Kc8 53. Qf8+ Kc7 54. Qg7+ Kb8 55. e7 Ka7 56. Qg5 Qe4 57. Kg1 Qe1+ 58. Kh2 Qe4 59. e8=N Qxe8 60. Qxh4 Qe5+ 61. Qg3 Qd4 62. Qg4 Qe5+ 63. Qg3 Qd4 64. h4 Qxc4 65. h5 Qd5 66. Qg6 c4 67. h6 Qd3 68. Qxd3 cxd3 69. h7 d2 70. h8=Q d1=Q 71. Qh4 Qd6+ 72. g3 Qd2+ 73. Kh3 Qd7+ 74. Qg4 Qh7+ 75. Kg2 Qc2+ 76. Kf1 Qc1+ 77. Ke2 Qc2+ 78. Ke1 Qc1+ 79. Kf2 Qc2+ 80. Kg1 Qc1+ 81. Kg2 Qc2+ 82. Kh3 Qh7+ 83. Qh4 Qf5+ 84. Kg2 Qc2+ 85. Kf3 Qb3+ 86. Ke2 Qc2+ 87. Ke3 Qb3+ 88. Kd2 Qb2+ 89. Ke3 Qb3+ 90. Ke2 Qc2+ 91. Kf3 Qb3+ 92. Kg2 Qc2+ 93. Kh3 Qf5+ 94. Kg2 1/2-1/2

[Event "45th FIDE Chess Olympiad Open"]
[Site "Budapest, Hungary"]
[Date "2024.09.12"]
[Round "2"]
[White "Ticona Rocabado, Licael Roderick"]
[Black "Thybo, Jesper Sondergaard"]
[Result "1/2-1/2"]
[WhiteElo "2321"]
[BlackElo "2555"]
[PlyCount "93"]
[EventDate "2024.??.??"]
[WhiteTeam "Bolivia"]
[BlackTeam "Denmark"]
[WhiteTeamCountry "BOL"]
[BlackTeamCountry "DEN"]
[WhiteClock "0:54:55"]
[BlackClock "0:12:51"]

1. d4 Nf6 2. c4 e6 3. Nf3 d5 4. e3 Be7 5. b3 O-O 6. Bd3 c5 7. O-O cxd4 8. exd4 b6 9. Nc3 ({RR} 9. Bb2 Bb7 10. Qe2 Re8 11. Nc3 Bf8 12. Rad1 Nc6 13. Rfe1 Rc8 14. h3 dxc4 15. bxc4 Nb4 16. Bb1 Bxf3 17. Qxf3 Rxc4 18. d5 exd5 19. Rxe8 Qxe8 20. a3 d4 21. axb4 dxc3 22. Bxc3 Ne4 23. Bd4 Nd6 {1-0 Eletskikh,A (2231)-Li,G (2363) 17th Arad Open 2024 (7.28)}) 9... Bb7 10. Bb2 Nc6 11. cxd5 $146 ({RR} 11. Re1 Nb4 12. Be2 Rc8 13. Ne5 dxc4 14. bxc4 Ne4 15. Nxe4 Bxe4 16. Bg4 Bc2 17. Qf3 f5 18. Bh5 Ba4 19. d5 exd5 20. Bf7+ Rxf7 21. Nxf7 Qf8 22. Qxf5 Re8 23. Nh6+ gxh6 24. Qg4+ Bg5 25. h4 Nd3 {0-1 Ostovic,M (2352)-Saric,A (2543) Pula op 32nd 2018 (9)}) ({RR} 11. Re1 Nb4 12. Bf1 dxc4 13. bxc4 Bxf3 14. gxf3 Rc8 15. Ne4 Nc6 16. Rc1 Nxe4 17. fxe4 Bg5 18. Rc2 Bf4 19. Qg4 e5 20. d5 Nb4 21. Rc3 g6 22. Qe2 Na6 23. Ra3 {½-½ Franco Ocampos,Z (2517)-Korneev,O (2582) Elgoibar 20th 2010 (6)}) 11... Nxd5 12. Nxd5 Qxd5 13. Bc4 Qf5 14. Ne5 Nxe5 15. dxe5 Qg5 16. g3 Rfd8 17. Qe2 Rd2 18. Bc1 Rad8 19. Ba6 Qf5 20. Bxd2 Bf3 21. Qe3 Bc5 22. Qf4 Rxd2 23. Qxf5 exf5 24. Bc4 g6 25. a4 a5 26. Rac1 Kf8 27. Rc3 Be4 28. e6 fxe6 29. Bxe6 Bd3 30. Rxd3 Rxd3 31. Kh1 Rd2 32. f4 Ke7 33. Bg8 Kf6 34. Bc4 h6 35. Re1 g5 36. Re6+ Kg7 37. h4 gxf4 38. gxf4 Rf2 39. h5 Rxf4 40. Rg6+ Kh7 41. Kg2 Rh4 42. Be2 Rf4 43. Bd3 Rf2+ 44. Kg3 f4+ 45. Kg4 Rg2+ 46. Kxf4 Rxg6 47. Bxg6+ 1/2-1/2

[Event "45th FIDE Chess Olympiad Open"]
[Site "Budapest, Hungary"]
[Date "2024.09.12"]
[Round "2"]
[White "Olsen, Filip Boe"]
[Black "Pinto, Daniel"]
[Result "1/2-1/2"]
[WhiteElo "2441"]
[BlackElo "2273"]
[PlyCount "114"]
[EventDate "2024.??.??"]
[WhiteTeam "Denmark"]
[BlackTeam "Bolivia"]
[WhiteTeamCountry "DEN"]
[BlackTeamCountry "BOL"]
[WhiteClock "0:06:53"]
[BlackClock "0:04:47"]

1. d4 Nf6 2. c4 c6 3. Nf3 d5 4. e3 Bf5 5. Bd3 Bxd3 6. Qxd3 dxc4 ({RR} 6... e6 7. Nbd2 Nbd7 8. O-O Bd6 9. e4 dxe4 10. Nxe4 Nxe4 11. Qxe4 h6 12. Rd1 O-O 13. Bd2 Qe7 14. Bc3 Bb4 15. Rac1 Rfd8 16. h3 Rac8 17. Qe2 Re8 18. a3 Bd6 19. Ne5 Red8 20. Rd3 b5 21. Ba5 {½-½ Grachev,B (2672)-Inarkiev,E (2666) Vladivostok Primorsky Debut 2014 (7)}) ({RR} 6... e6 7. Bd2 Nbd7 8. O-O Bd6 9. Nc3 O-O 10. e4 dxe4 11. Nxe4 Nxe4 12. Qxe4 h6 13. Bc3 Qc7 14. Rad1 Rae8 15. Rfe1 b5 16. b3 Nf6 17. Qh4 Be7 18. Qh3 c5 19. cxb5 Nd5 20. Ba1 c4 21. bxc4 {0-1 Stevik,P (2281)-Wafa,H (2356) Titled Tue 23rd Jul Early 2024 (11)}) 7. Qxc4 Qa5+ $146 ({RR} 7... e6 8. Nc3 Be7 9. O-O O-O 10. e4 Nbd7 11. Bg5 h6 12. Bh4 Nb6 13. Qe2 Nfd7 14. Bg3 Bb4 15. a3 Bxc3 16. bxc3 Qe7 17. a4 a5 18. Rfb1 Rfc8 19. Ne5 Ra6 20. Nc4 Nxc4 21. Qxc4 Nb6 22. Qd3 {1-0 Petrovs,V-Reshevsky,S Semmering und Baden bei Wien 1937 (8)}) ({RR} 7... e6 8. O-O Qd5 9. Qe2 Nbd7 10. Nc3 Qh5 11. e4 Be7 12. b3 O-O 13. Bb2 Rfe8 14. Rfd1 Rad8 15. Rac1 Nb6 16. a4 Bb4 17. Rd3 Nbd7 18. Na2 Bf8 19. b4 a6 20. Rb3 Qg4 21. Nc3 h5 22. h3 {½-½ Bandlow,M (1971)-Prix,S (1800) Berlin Lichtenberger op 11th 2012 (9)}) ({RR} 7... Qd5 8. Qd3 Qe4 9. Qb3 b6 10. Nc3 Qf5 11. Ne5 e6 12. Qc4 Ne4 13. O-O Nd6 14. Qa4 b5 15. Qa5 Nb7 16. Qc7 Nd8 17. Bd2 Bb4 18. Nxb5 cxb5 19. Bxb4 Qf6 20. Ng4 Qg5 21. f4 Na6 22. Qd6 {1-0 Oliveira,F (1964)-Dos Santos,A Santos Paulista Absoluto 2010 (1)}) 8. Nc3 Qa6 9. Ne5 e6 10. a3 Be7 11. b4 O-O 12. O-O Qxc4 13. Nxc4 b6 14. e4 Nbd7 15. Bf4 c5 16. dxc5 bxc5 17. b5 Nh5 18. Rfd1 Nb6 19. Nxb6 axb6 20. Bd6 Bxd6 21. Rxd6 Rfb8 22. a4 Nf6 23. f3 Kf8 24. Rad1 Rb7 25. Rd8+ Rxd8 26. Rxd8+ Ke7 27. Ra8 Nd7 28. f4 h6 29. Kf1 g5 30. g3 Kf6 31. Ke2 gxf4 32. gxf4 Rc7 33. Ra6 Kg6 34. Kd3 Kh5 35. e5 Kg4 36. Ke3 c4 37. Ra8 f6 38. Rg8+ Kh3 39. Rg6 fxe5 40. Rxh6+ Kg4 41. fxe5 Nc5 42. Rf6 Kh3 43. Rf4 Nd3 44. Rd4 Nxe5 45. Rd6 Rd7 46. Rxe6 Rd3+ 47. Ke4 Nf3 48. Rh6+ Kg4 49. Rxb6 Rd4+ 50. Ke3 Rd3+ 51. Ke4 Rxc3 52. Rg6+ Ng5+ 53. Kd4 Rc1 54. b6 Kf5 55. b7 Rb1 56. Rg8 Rxb7 57. Kxc4 Ne6 1/2-1/2

[Event "45th FIDE Chess Olympiad Open"]
[Site "Budapest, Hungary"]
[Date "2024.09.12"]
[Round "2"]
[White "Dragnev, Valentin"]
[Black "Salem, A.R. Saleh"]
[Result "1/2-1/2"]
[WhiteElo "2556"]
[BlackElo "2631"]
[PlyCount "84"]
[EventDate "2024.??.??"]
[WhiteTeam "Austria"]
[BlackTeam "United Arab Emirates"]
[WhiteTeamCountry "AUT"]
[BlackTeamCountry "UAE"]
[WhiteClock "0:25:02"]
[BlackClock "0:26:41"]

1. e4 c5 2. Nf3 d6 3. Bb5+ Nd7 4. O-O a6 5. Bxd7+ Bxd7 6. c3 Nf6 7. Re1 e6 8. d4 Be7 9. dxc5 dxc5 10. e5 Nd5 11. c4 Nb6 12. Qe2 Bc6 13. Nc3 Qc7 14. b3 ({RR} 14. Ne4 Rd8 15. h4 h6 16. b3 O-O 17. Bf4 Rd7 18. Qe3 Qd8 19. Bg3 Rd3 20. Qf4 Nd7 21. Re3 {½-½ Timoshin,M (2327)-Zakhartsov,V (2497) 20th Moscow Open A 2024 (4.3)}) 14... O-O 15. Bf4 $146 ({RR} 15. Ne4 Rfd8 16. Bb2 Nd7 17. Qe3 Nf8 18. Nf6+ Bxf6 19. exf6 Ng6 20. fxg7 Qf4 21. Ne5 Qxe3 22. Rxe3 Nxe5 23. Bxe5 Rd2 24. a4 Rad8 25. Rae1 Rd1 26. h4 Rxe1+ 27. Rxe1 h5 28. f3 Rd3 29. Bf6 Kh7 {1-0 Matlakov,M (2662)-Yu Yangyi (2729) Titled Tue 14th Mar Early 2023 (8)}) 15... Rad8 16. Ng5 Rd4 17. Qh5 Bxg5 18. Bxg5 Nd7 19. Be7 f5 20. Bxf8 Nxf8 21. Qe2 Ng6 22. f3 Nf4 23. Qe3 Qd8 24. Rad1 Qg5 25. g3 Nh3+ 26. Kg2 Qh5 27. Ne2 f4 28. Qc3 Ng5 29. Ng1 Qg6 30. Rxd4 cxd4 31. Qxd4 Qc2+ 32. Qf2 Qf5 33. Qe2 h5 34. Rf1 h4 35. gxh4 Qg4+ 36. Kh1 Qxh4 37. Qg2 Qh5 38. h3 Nf7 39. Ne2 Qxe5 40. Qf2 Ng5 41. Ng1 Qf6 42. Kh2 e5 1/2-1/2

[Event "45th FIDE Chess Olympiad Open"]
[Site "Budapest, Hungary"]
[Date "2024.09.12"]
[Round "2"]
[White "Al Hosani, Omran"]
[Black "Horvath, Dominik"]
[Result "1/2-1/2"]
[WhiteElo "2241"]
[BlackElo "2559"]
[PlyCount "73"]
[EventDate "2024.??.??"]
[WhiteTeam "United Arab Emirates"]
[BlackTeam "Austria"]
[WhiteTeamCountry "UAE"]
[BlackTeamCountry "AUT"]
[WhiteClock "0:01:34"]
[BlackClock "0:08:17"]

1. d4 Nf6 2. c4 g6 3. Nc3 d5 4. cxd5 Nxd5 5. e4 Nxc3 6. bxc3 Bg7 7. Nf3 c5 8. Rb1 O-O 9. Be2 cxd4 10. cxd4 Qa5+ 11. Bd2 Qxa2 12. O-O b6 13. Qc1 Qe6 14. Bc4 Qxe4 15. Bxf7+ Rxf7 16. Qxc8+ Rf8 17. Qc4+ e6 18. Rb5 Re8 $146 ({RR} 18... Qc6 19. Qb3 Na6 20. Rc1 Qd7 21. Ne5 Bxe5 22. Rxe5 Nc7 23. Qg3 Rf7 24. h4 Kh8 25. h5 Rg8 26. Bf4 Qxd4 27. Re4 Qxe4 28. Be5+ Rgg7 29. h6 Kg8 30. hxg7 Ne8 31. Rc8 Qa4 32. Qd3 Rf5 33. Qd6 {½-½ Toshkov,T (2420)-Kirov,N (2435) Albena-17 1985 (4)}) ({RR} 18... Qc6 19. Qb3 Na6 20. Rc1 Qd7 21. Ne5 Bxe5 22. Rxe5 Nc7 23. Bh6 Qxd4 24. Qg3 Rf6 {½-½ Nemet,I (2390)-Kouatly,B (2430) Horgen 1986}) ({RR} 18... Qc6 19. Qb3 Na6 20. Rc1 Qd7 21. h4 Nc7 22. Rg5 Kh8 23. h5 gxh5 24. Rxh5 Rf5 25. Ng5 h6 26. Rxc7 Qxc7 27. Qxe6 Rf6 28. Rxh6+ Bxh6 29. Qxf6+ Qg7 30. Nf7+ Kh7 31. Qf5+ Qg6 32. Nxh6 Qxf5 33. Nxf5 {1-0 Szabo,Z (2345)-Hjelm,N (2375) Budapest FS08 IM 1994 (12)}) 19. h4 Nd7 20. Re1 Rac8 21. Qf1 Qc6 22. Rc1 Qd6 23. h5 Bxd4 24. hxg6 hxg6 25. Rd1 Bg7 26. Bb4 Qc6 27. Rg5 Nf8 28. Bxf8 Kxf8 29. Rxg6 Red8 30. Re1 Qc4 31. Ng5 Qxf1+ 32. Kxf1 Bc3 33. Rexe6 Rd1+ 34. Ke2 Re1+ 35. Kd3 Rxe6 36. Rxe6 b5 37. Ke4 1/2-1/2